000 00288nam a22001217a 4500
020 _aNA
082 _222
_a338
100 _aKrjgman Paul, wells Robin and Myatt anthony.
245 _aMicro economics /
260 _aWorth,
_bWorth,
_cc2006
300 _a504p,;
_bNA
_c24cm.
942 _2ddc
_cMAG
999 _c2834
_d2834